|
|
|
|
| LEADER |
00000nam a2200000 a 4500 |
| 001 |
vtls001461866 |
| 003 |
SK-MaSNL |
| 005 |
20260425235012.0 |
| 008 |
250312s1970 xo 0 0 1 slo |
| 015 |
|
|
|a SKSNBA1970/03-00662
|
| 035 |
|
|
|a SNK000417173
|
| 035 |
|
|
|a urn:nbn:sk:snk-amlnf1
|
| 035 |
|
|
|a urn:nbn:sk:snk-am00bztb
|
| 035 |
|
|
|a 89C8529C-F976-4344-AF57-69E1C81AC4A0
|
| 040 |
|
|
|a SNK
|b slo
|c SNK
|e AACR2
|
| 041 |
0 |
|
|a slo
|
| 044 |
|
|
|a xo
|c SK
|
| 080 |
|
|
|a 316.7
|2 2001
|
| 080 |
|
|
|a 72/76
|2 2001
|
| 080 |
|
|
|a 82.09(100)
|2 2001
|
| 100 |
1 |
|
|a Novomeský, Ladislav,
|d 1904-1976
|4 aut
|9 75208
|
| 245 |
1 |
0 |
|a Manifesty a protesty
|b výber zo statí a príspevkov o kultúre a umení 1924-1937
|n Zväzok 2
|c Ladislav Novomeský ; zostavil a poznámkami opatril Karol Rosenbaum ; články uverejnené v českých novinách a časopisoch preložila Zora Jesenská
|
| 250 |
|
|
|a 1. vyd.
|
| 260 |
|
|
|a Bratislava
|b Nakladateľstvo Epocha
|c 1970
|e Bratislava
|f Pravda
|
| 300 |
|
|
|a 364, [5] s.
|c 20 cm
|
| 648 |
|
7 |
|a 1924-1937
|2 SNKPH
|9 303735
|
| 650 |
0 |
7 |
|a kultúra
|2 SNKPH
|9 886
|
| 650 |
0 |
7 |
|a umenie
|2 SNKPH
|9 1060
|
| 650 |
0 |
7 |
|a literárna kritika
|2 SNKPH
|9 1138
|
| 651 |
|
7 |
|a Slovensko
|2 SNKPHgeo
|9 14231
|
| 655 |
|
7 |
|a state
|2 SNKPH
|9 277999
|
| 700 |
1 |
|
|a Rosenbaum, Karol,
|d 1920-2001
|4 com
|9 103255
|
| 700 |
1 |
|
|a Jesenská, Zora,
|d 1909-1972
|4 trl
|9 37015
|
| 852 |
|
|
|a Slovenská národná knižnica
|
| 958 |
|
|
|a OND
|
| 999 |
|
|
|c 816469
|d 818399
|
| 952 |
|
|
|t P60, <04>, [BOOK], {604}
|a SNK
|b SNK
|y VYP
|7 0
|p 17A0400483
|o snkSD 36960 D1
|i snkKSP 2784/70
|0 0
|1 0
|4 0
|d 2003-10-22
|l 0
|r 2005-01-02 00:00:00
|w 2026-02-24
|
| 952 |
|
|
|a SNK
|b SNK
|y PREZ
|7 0
|p 17A0891368
|o snkSD 36960
|0 0
|1 0
|4 0
|d 2013-08-12
|f 1
|l 0
|r 2026-02-24 02:53:14
|w 2026-02-24
|
| 952 |
|
|
|a SNKLM
|b SNKLM
|y NEVYP
|7 0
|o snklmMK 5627
|8 3
|0 0
|1 0
|4 0
|d 2006-10-18
|l 0
|r 2026-02-24 02:53:14
|w 2026-02-24
|